000 00984cam a2200289 i 4500
005 20260322212044.0
008 data
010 _a 78053932
020 _a0893810290 :
_c{dollar}25.00
020 _a0893810320 museum ed.
020 _a9780893810290 :
_c{dollar}25.00
020 _a9780893810320 museum ed.
040 _aDLC
_cDLC
_dDLC
043 _aa-cc---
050 0 0 _aDS761
_b.F28
082 0 0 _a951/.03/07414811
092 _a951 F28 1978
245 1 4 _aThe Face of China as seen by photographers & travelers, 1860-1912 /
_cNigel Cameron & Philadelphia Museum of Art.
260 _aMillerton, N.Y. :
_bAperture,
_cc1978.
300 _a159 p. :
_bill. ;
_c24 x 30 cm.
500 _aExhibition presented by the Philadelphia Museum of Art, Apr. 15-June 25, 1978, and others.
590 _aIn English.
651 0 _aChina
_xExhibitions.
_y1861-1912
_xPictorial works
_xExhibitions.
700 1 _aCameron, Nigel,
_d1911-
710 2 _aPhiladelphia Museum of Art.
001 data
999 _c1049
_d1049